Представление документа в формате RUSMARC

ПолеНазваниеЗначение
  Тип записи i
  Библиографический уровень m
001 Контрольный номер RU/IS/BASE/327429656
005 Дата корректировки 20201206204726.5
010 Индекс ISBN __
d Цена 350-00
101 Язык документа __
a Язык текста rus
c Язык оригинала rus
200 Заглавие и сведения об ответственности 1_
a Заглавие Не все коту масленица ; Свои люди сочтемся
e Сведения, относящиеся к заглавию комедии : [радиоспетакли с участием Виталия Соломина, Натальи Гундаревой и др.]
f Первые сведения об ответственности А. Н. Островский
b Общее обозначение материала Звукозапись
210 Выходные данные __
a Место издания М.
c Издательство Гостелерадиофонд
c Издательство Элитайл
d Дата издания 2006
215 Физическое описание __
a Объем 1 электрон. опт. диск (Audio CD) (4 ч. 07 мин.)
300 Общие примечания __
a Общие примечания AudioCD ; MP3 ; 320 кБит/сек ; 44.1 кГц
a Общие примечания Запись спектакля "Не все коту масленица" сделана в 1974 г.
a Общие примечания Запись спектакля "Свои люди сочтемся" сделана в 1975 г.
323 Примечание о главных создателях, исполнителях, участниках __
a Примечание о главных создателях, исполнителях, участниках Чуваева, О. (Дарья Федосеевна Круглова, вдова купца)
a Примечание о главных создателях, исполнителях, участниках Торчинская, Т. (Агния)
a Примечание о главных создателях, исполнителях, участниках Хохряков, В. (Ермил Зотыч Ахов, богатый купец)
a Примечание о главных создателях, исполнителях, участниках Соломин, В. (Ипполит, приказчик)
a Примечание о главных создателях, исполнителях, участниках Скоробогатова, Г. (Феона, ключница Ахова)
a Примечание о главных создателях, исполнителях, участниках Буканова, Г. (Маланья, кухарка Круглова)
a Примечание о главных создателях, исполнителях, участниках Велихов, Е. (от автора)
a Примечание о главных создателях, исполнителях, участниках Охлупин, И. (Болшов Семен Силыч, купец)
a Примечание о главных создателях, исполнителях, участниках Виноградова, Г. (Аграфена Кондратьевна)
a Примечание о главных создателях, исполнителях, участниках Гундарева, Н. (ЛИпочка)
a Примечание о главных создателях, исполнителях, участниках Лазарев, Е. (Подхалюзин, приказчик)
a Примечание о главных создателях, исполнителях, участниках Карпова, Т. (Устинья Наумовна)
a Примечание о главных создателях, исполнителях, участниках Ромашин, А. (Рисположенский Сысо Псоич, стряпчий)
a Примечание о главных создателях, исполнителях, участниках Полянская, М. (Фоминишна, ключница)
a Примечание о главных создателях, исполнителях, участниках Ильин, В. (Тишка, мальчик)
327 Примечание о содержании __
a Примечание о содержании Свои люди сочтемся
330 Аннотация __
a Аннотация Лучшие образцы соединения "высокого и комического", непревзойденным мастером которого был и остается великий русский драматург А. Островский.
517 Другие варианты заглавия __
a Другие варианты заглавия Свои люди сочтемся
606 Тематические рубрики __
a Основная рубрика Музыка и зрелищные искусства
606 Тематические рубрики __
a Основная рубрика Художественное радиовещание
610 Ключевые слова __
a Ключевые слова радиоспектакли; радиокомпозиции; радиопостановки; классическая литература; русская классическая литература; русская классика; тема человека; тема общества; комедии; тема любви; тема жизни; тема денег
686 Индексы других классификаций __
a Классификационный индекс 85.38я04; ст85.38я04
700 Автор _1
a Фамилия Островский
b Имя А. Н.
g Полное личное имя Александр Николаевич
4 Код отношения 070
801 Источник записи _0
a Страна RU
b Организация Муниципальное бюджетное учреждение культуры "Централизованная библиотечная система" г. Сургут (Центральная городская библиотека им. А. С. Пушкина)
g Правила каталогизации КиК/Поспелова
801 Источник записи _1
a Страна RU
b Организация Муниципальное бюджетное учреждение культуры "Централизованная библиотечная система" г. Сургут (Центральная городская библиотека им. А. С. Пушкина)
g Правила каталогизации КиК/Поспелова
852 Данные о местонахождении __
j Шифр хранения 85.38я04
c Каталожный индекс 85.38я04
i Авторский знак О-77
901 Тип документа __
t Тип документа 0
903 Характеристики (МАРС) __
a Дата передачи 20100517
969 Тип издания __
a Тип издания сборник; аудиокнига
990 Данные о заказе (DOS) __
j Количество экземпляров (DOS) 2
h N записи в КСУ для Б/У (DOS) 201006